| 000 | 00459nam a2200157Ia 4500 | ||
|---|---|---|---|
| 003 | OSt | ||
| 005 | 20200619094547.0 | ||
| 008 | 190216s9999||||xx |||||||||||||| ||und|| | ||
| 040 | _coclc | ||
| 082 |
_a954.03 _bRAY/H |
||
| 100 |
_aRaychoudhary, S C _93016 |
||
| 245 | 0 |
_aHistory Of Modern India / _cS C Raychoudhary |
|
| 260 |
_bSurjeet Publications, _c1983. _aDelhi: |
||
| 300 | _a437p | ||
| 942 |
_cBK _2ddc _h954.03 _iRAY/H _k954.03 _mRAY/H |
||
| 999 |
_c19353 _d19353 |
||